| 000 | 00510nam a2200157Ia 4500 | ||
|---|---|---|---|
| 003 | GCL | ||
| 008 | 140319s9999 xx 000 0 ara d | ||
| 040 |
_aGCL / _cGCL |
||
| 082 | 0 | 4 |
_a320.9 _bم م |
| 245 | 1 | 0 | _aملف مؤتمر قمة جنوة ومناهضو العولمة |
| 260 |
_aالقاهرة : _bمركز الاهرام للتنظيم وتكنولوجيا المعلومات ، _c2003 |
||
| 300 |
_a121 ص ؛ _c40 سم |
||
| 650 | 0 | 4 | _aالعولمة |
| 650 | 0 | 4 | _aمؤتمر جنوة |
| 942 |
_2ddc _cBK |
||
| 999 |
_c5714 _d5714 |
||